The state of the industry (Record no. 112678)

MARC details
000 -LEADER
fixed length control field 00974cad a22001935a 4500
001 - CONTROL NUMBER
control field L153736
008 - FIXED-LENGTH DATA ELEMENTS--GENERAL INFORMATION
fixed length control field 110824s2011 xxk 000 0 eng d
035 ## - SYSTEM CONTROL NUMBER
System control number (Sirsi) u153736
041 0# - LANGUAGE CODE
Language code of text/sound track or separate title eng
110 2# - MAIN ENTRY--CORPORATE NAME
Corporate name or jurisdiction name as entry element Leading Edge
9 (RLIN) 5902
245 04 - TITLE STATEMENT
Title The state of the industry
Remainder of title construction market survey : August 2011 : summary
Medium [electronic resource]
260 ## - PUBLICATION, DISTRIBUTION, ETC.
Place of publication, distribution, etc. Wokingham
Name of publisher, distributor, etc. Leading Edge
Date of publication, distribution, etc. 2011
520 ## - SUMMARY, ETC.
Summary, etc. A summary of the full 'State of the Industry' report which covers a range of topics on the prospects of the construction industry and, in particular, on future plans for marketing activities, budgets and headcount.
590 ## - LOCAL NOTE (RLIN)
Local note KA
651 #4 - SUBJECT ADDED ENTRY--GEOGRAPHIC NAME
Geographic name United Kingdom
Chronological subdivision
690 ## - LOCAL SUBJECT ADDED ENTRY--TOPICAL TERM (OCLC, RLIN)
Topical term or geographic name as entry element BUILT ENVIRONMENT-CONSTRUCTION MARKET
856 40 - ELECTRONIC LOCATION AND ACCESS
Uniform Resource Identifier <a href="https://www.lead-edge.co.uk/sites/default/files/attachments/Construction_Industry_Survey_2011_3.pdf">https://www.lead-edge.co.uk/sites/default/files/attachments/Construction_Industry_Survey_2011_3.pdf</a>
Public note View the summary free of charge and obtain the cost and further details of the full market survey at www.lead-edge.co.uk
942 ## - ADDED ENTRY ELEMENTS (KOHA)
Suppress in OPAC 0
Holdings
Withdrawn status Lost status Source of classification or shelving scheme Damaged status Not for loan Home library Current library Shelving location Date acquired Total Checkouts Full call number Barcode Date last seen Copy number Price effective from Koha item type
    Dewey Decimal Classification     Virtual Virtual Online 24/08/2011   ONLINE PUBLICATION 153736-2001 06/08/2019 1 06/08/2019 Book